| 000 | 00807nam a2200217 i 4500 | ||
|---|---|---|---|
| 001 | 153567 | ||
| 003 | ES-MaACL | ||
| 005 | 20230906205304.0 | ||
| 008 | 051017s1885 sp ac |||| |dita d | ||
| 080 | _a929 Juan Bosco, Santo | ||
| 080 | _a271.789.1 | ||
| 100 | 1 |
_aDu Boys, Albert. _9126846 |
|
| 245 | 1 | 0 |
_aDon Bosco e la Pia Societá Salesiana / _cper Alberto du Boys ; traduzione dal francese per cura di Giuseppe Novelli. |
| 250 | _a3ª ed. | ||
| 260 |
_a[Barcelona] : _bTip. e libreria salesiana di S. Benigno Canavese, _c1885. |
||
| 300 |
_aVIII, 256 p., [1] h. de lám. ; _c18 cm. |
||
| 600 | 0 | 4 |
_aJuan Bosco _cSanto. _967105 |
| 610 | 0 | 4 |
_aSalesianos. _96486 |
| 700 | 1 |
_aNovelli, Giuseppe. _9130536 |
|
| 852 |
_aES-MaACL _jD-292 _z- Enc. hol., conservando la cub. original _z. - Donativo Lastres |
||
| 999 |
_c153567 _d153567 |
||